Sports Quiz

Random Sports or NCAA Quiz
Score 0/20 Timer 07:00
2 Plays Today
Hint Answer % Correct
StateIndiana
95.6%
Team ColorGold
95.3%
NicknameFighting Irish
95.1%
Team ColorBlue
93.2%
ConferenceACC
89.5%
Sport w/ most NCAA ChampionshipsFootball (11)
85.4%
CityNotre Dame
84.5%
Famous Alum: QB Joe __________Montana
84.4%
No. of Men's Varsity Sports12
82.6%
No. of Women's Varsity Sports12
82.6%
Hint Answer % Correct
Primary RivalUSC
76.3%
ConferenceIndependent (football)
74.4%
ConferenceBig 10 (ice hockey)
72.7%
Football StadiumNotre Dame Stadium
62.2%
Primary RivalNavy
56.1%
MascotLeprechaun
55.7%
Basketball ArenaEdmund P. Joyce Center
44.4%
Fight SongVictory March
26.3%
Athletic DirectorJack Swarbrick
25.5%
Baseball StadiumFrank Eck Stadium
13.5%
Remove Ads.
Support Sporcle.
Get the best of Sporcle when you Go Orange. This ad-free experience offers more features, more stats, and more fun while also helping to support Sporcle. Thank you for becoming a member.

You're not logged in!

Compare scores with friends on all Sporcle quizzes.
OR
Log In

Show Comments

Extras

Top Quizzes Today


Score Distribution

Your Account Isn't Verified!

In order to create a playlist on Sporcle, you need to verify the email address you used during registration. Go to your Sporcle Settings to finish the process.

Report this User

Report this user for behavior that violates our Community Guidelines.

Details: